عرض عادي
عرض مارك
- مطاوع، ضياء الدين محمد
مدخل إسم شخص
001 - رقم الضبط
- حقل الضبط: 41178
003 - معرف رقم الضبط
- حقل الضبط: OSt
005 - تاريخ ووقت أخر عملية
- حقل الضبط: 20131224091317.0
008 - عناصر بيانات ثابتة الطول
- حقل تحكم ثابت الطول: 131224|||a|||||| | ||| d
040 ## - مصدر الفهرسة
- هيئة الفهرسة الأصلية: OSt
- وكالة الكتابة: OSt
100 ## - مدخل -- أسم شخص
- إسم شخص: مطاوع، ضياء الدين محمد
670 ## - بيانات المصدر موجوده
- الاستشهاد بالمصدر: Work cat.: (OSt): مطاوع، ضياء الدين محمد, مهارات الاتصال الفعال /, 2013
